Αφορία, ακρίβεια και πείνα : οι κρίσεις διατροφής στην ελληνική χερσόνησο (1650-1830) : προβλήματα προσέγγισεις και εμπειρικές ενδείξεις
Αποθηκεύτηκε σε:
| Κύριος συγγραφέας: | |
|---|---|
| Μορφή: | Βιβλίο |
| Γλώσσα: | Greek |
| Δημοσίευση: |
Αθήνα :
Αλεξάνδρεια,
1993.
|
| Θέματα: | |
| Ετικέτες: |
Προσθήκη ετικέτας
Δεν υπάρχουν, Καταχωρήστε ετικέτα πρώτοι!
|
MARC
| LEADER | 00000cam a2200000 i 4500 | ||
|---|---|---|---|
| 001 | 1/98691 | ||
| 008 | 950317s1993 gr | ||| |||| ||gre|| | ||
| 020 | |a 9602210591 | ||
| 035 | |l 10011026 | ||
| 040 | |a GR-MY-UA |b gre |e aacr | ||
| 041 | 0 | |a gre | |
| 082 | 7 | |a 338.19 |2 (22) | |
| 100 | 1 | |a Κωστής, Κώστας Π., |d 1957- | |
| 245 | 1 | 0 | |a Αφορία, ακρίβεια και πείνα : |b οι κρίσεις διατροφής στην ελληνική χερσόνησο (1650-1830) : προβλήματα προσέγγισεις και εμπειρικές ενδείξεις / |c Κώστας Κωστής. |
| 260 | |a Αθήνα : |b Αλεξάνδρεια, |c 1993. | ||
| 300 | |a 180 σ. : |b πίν. ; |c 24 εκ. | ||
| 504 | |a Περιέχει σημειώσεις, βιβλιογραφικές παραπομπές και ευρετήριο. | ||
| 650 | 0 | 0 | |a Nutrition |z Greece |x History. |
| 650 | 0 | 0 | |a Malnutrition |z Greece |x History. |
| 852 | |a INST |b LESVOS |e 19950317 |h 338.19 ΚΩΣ |p 005100002296 |q 005100002296 |t BK |y 0 | ||
| 852 | |a INST |b RHODES |e 19990203 |h 338.19 ΚΩΣ |p 005400005608 |q 005400005608 |t BK |y 0 | ||
| 901 | |a BIBL-1999-1 | ||
| 909 | |a Λ |b 036704 | ||
| 909 | |a Ρ |b 057131 | ||
| 922 | |a 4ΕΛΗ |b 199805 |c ΚΠΣ/ΔΕ |d EMVASIS | ||
| 970 | |z 1995/03 | ||